000
00344pab a2200145 454500
008
180718b1998 xxu||||| |||| 00| 0 eng d
100
_a
Smith, Robert B.
245
_a
Anti-semitism and Nazism
260
_c
1998
300
_a
p.1324-362
362
_a
Jun-Jul
650
_a
Nazism
773
_a
American Behavioral Scientist
909
_a
39934
999
_c
39934
_d
39934